| 000 | 00463nam a2200169Ia 4500 | ||
|---|---|---|---|
| 008 | 230917s9999||||xx |||||||||||||| ||und|| | ||
| 020 | _cRS799 | ||
| 040 |
_e245041 _aMAIN |
||
| 041 | _aEnglish | ||
| 082 | _aB R246A | ||
| 100 | _aReddy, Y V | ||
| 245 | 0 | _aAdvice and dissent: My life in public service | |
| 260 |
_aNoida _bHarperCollins Publishers _c2017 |
||
| 300 | _axvi, 480 p. | ||
| 500 | _a3008 23/01/2018 HBD18/7276 24/02/2018 Main Budget | ||
| 942 | _cBK | ||
| 999 |
_c25485 _d25485 |
||